पत्रकार-महर्षी ग.वि.केतकर (Record no. 87864)

MARC details
000 -LEADER
fixed length control field 00663nam a2200181Ia 4500
008 - FIXED-LENGTH DATA ELEMENTS--GENERAL INFORMATION
fixed length control field 090124s9999 xx 000 0 und d
082 ## - DEWEY DECIMAL CLASSIFICATION NUMBER
Item number 14151
100 ## - MAIN ENTRY--PERSONAL NAME
Personal name केतकर अरविन्द
245 ## - TITLE STATEMENT
Title पत्रकार-महर्षी ग.वि.केतकर
250 ## - EDITION STATEMENT
Edition statement 0
260 ## - PUBLICATION, DISTRIBUTION, ETC. (IMPRINT)
Name of publisher, distributor, etc मिलिंद केतकर
Date of publication, distribution, etc 1981
300 ## - PHYSICAL DESCRIPTION
Extent 146
600 ## - SUBJECT ADDED ENTRY--PERSONAL NAME
Personal name केतकर अरविन्द
630 ## - SUBJECT ADDED ENTRY--UNIFORM TITLE
Uniform title पत्रकार-महर्षी ग.वि.केतकर
700 ## - ADDED ENTRY--PERSONAL NAME
Personal name केतकर अरविन्द
730 ## - ADDED ENTRY--UNIFORM TITLE
Uniform title पत्रकार-महर्षी ग.वि.केतकर
942 ## - ADDED ENTRY ELEMENTS (KOHA)
Koha item type Book
Holdings
Withdrawn status Lost status Damaged status Not for loan Home library Current library Date acquired Cost, normal purchase price Total Checkouts Full call number Barcode Date last seen Cost, replacement price Price effective from Koha item type
        Nagar Wachan Mandir, Thane Nagar Wachan Mandir, Thane   35.00   14151 THNNWM-14151 01/24/2009 35.00 01/24/2009 Book